Principles of communications : systems, modulation, and noise /

Bibliographic Details
Main Author: Ziemer, Rodger E (Author)
Other Authors: Tranter, William H.
Format: Book
Language:English
Published: Boston : Houghton Mifflin, [1985]
Edition:2nd ed.
Subjects:

MARC

Tag First Indicator Second Indicator Subfields
LEADER 00000cam a2200000 i 4500
001 in00004812321
008 840510s1985 maua b 001 0 eng
005 20240807192624.7
010 |a  84081048  
035 |a (OCoLC)ocm11964350  
040 |a DLC  |b eng  |e rda  |c DLC  |d YDXCP  |d CRU  |d CNMBL  |d BDX  |d OCLCO  |d OCLCF  |d OCLCQ  |d DHA  |d OCLCQ  |d OCLCO  |d OCLCL 
020 |a 0395357241 
020 |a 9780395357248 
029 1 |a AU@  |b 000003885260 
029 1 |a NLGGC  |b 039967999 
035 |a (OCoLC)11964350 
050 1 4 |a TK5101  |b .Z57 1985 
082 0 |a 621.38  |2 19 
049 |a MAIN 
100 1 |a Ziemer, Rodger E,  |e author 
245 1 0 |a Principles of communications :  |b systems, modulation, and noise /  |c R.E. Ziemer, W.H. Tranter. 
250 |a 2nd ed. 
264 1 |a Boston :  |b Houghton Mifflin,  |c [1985] 
264 4 |c ©1985 
300 |a xiv, 609 pages :  |b illustrations ;  |c 24 cm 
336 |a text  |b txt  |2 rdacontent 
337 |a unmediated  |b n  |2 rdamedia 
338 |a volume  |b nc  |2 rdacarrier 
504 |a Includes bibliographical references (pages 597-599). 
500 |a Includes indexes. 
590 |b TAG Physical Holdings 2 
650 0 |a Telecommunication.  |0 http://id.loc.gov/authorities/subjects/sh85133270 
650 0 |a Signal theory (Telecommunication)  |0 http://id.loc.gov/authorities/subjects/sh85122401 
650 2 |a Telecommunications 
650 6 |a Télécommunications. 
650 6 |a Théorie du signal (Télécommunications) 
650 7 |a telecommunications.  |2 aat 
650 7 |a Signal theory (Telecommunication)  |2 fast  |0 (OCoLC)fst01118306 
650 7 |a Telecommunication.  |2 fast  |0 (OCoLC)fst01145830 
700 1 |a Tranter, William H. 
758 |i has work:  |a Principles of communication (Text)  |1 https://id.oclc.org/worldcat/entity/E39PCFQW469Bk7xr3dmBjhpGh3  |4 https://id.oclc.org/worldcat/ontology/hasWork 
938 |a Brodart  |b BROD  |n 35386908  |c $67.96 
938 |a YBP Library Services  |b YANK  |n 349802 
994 |a 92  |b TAG 
852 |a TAG  |b TAGC  |c galv,stk  |h TK5101 .Z57 1985  |t c.1 
876 |p 33620000655973  |v unmediated -- volume 
999 f f |s cd5eead0-015d-41f8-bc4c-bc98832d3397  |i 872f55d9-9a37-4c1f-8270-8c9c824fa270  |t 0 
952 f f |p normal  |a Texas A&M University  |b Galveston Campus  |c Jack K. Williams Library  |d Galveston Stacks  |t 0  |e TK5101 .Z57 1985  |h Library of Congress classification  |i unmediated -- volume  |m 33620000655973 
998 f f |a TK5101 .Z57 1985  |t 0  |l Galveston Stacks